Studien zum Weisheitsbuch des Anii /

محفوظ في:

المؤلف الرئيسي: Volten, Aksel.

التنسيق: كتاب

اللغة: German

منشور في: Kbenhavn : Levin & Munksgaard, 1937.

سلاسل: Historisk-filologiske meddelelser ; 23.3.

الموضوعات:

الوسوم: إضافة وسم

لا توجد وسوم, كن أول من يضع وسما على هذه التسجيلة!

رقم الطلب: PJ1731 .A608 v.9

LEADER 00871cam a2200265Ma 4500
001 on1052840968
003 OCoLC
005 20240205103822.0
008 080318s1937 dk b 000 0 ger d
010 |a  38002507  
050 4 |a PJ1731  |b .A608 v.9 
100 1 |a Volten, Aksel. 
245 1 0 |a Studien zum Weisheitsbuch des Anii /  |c von A. Volten. 
264 1 |a Kbenhavn :  |b Levin & Munksgaard,  |c 1937. 
300 |a 177 pages ;  |c 24 cm. 
336 |a text  |b txt  |2 rdacontent 
337 |a unmediated  |b n  |2 rdamedia 
338 |a volume  |b nc  |2 rdacarrier 
490 1 |a Historisk-filologiske meddelelser / Kgl. Danske videnskabernes selskab ;  |v 23.3 
504 |a Includes bibliographical references. 
600 0 0 |a Ani,  |c scribe. 
650 0 |a Egyptian language  |v Papyri. 
740 0 |a Weisheitsbuch des Anii. 
830 0 |a Historisk-filologiske meddelelser ;  |v 23.3. 
999 |c 56627  |d 56627